[Event "4th Ordu Open 2018"]
[Site "Ordu"]
[Date "2018.04.12"]
[Round "1.20"]
[White "Peker, Serdar"]
[Black "Sibashvili, Giorgi"]
[Result "0-1"]
[WhiteElo "1821"]
[BlackElo "2419"]
[Annotator "TA"]
[PlyCount "100"]
[EventType "swiss"]
[EventCountry "TUR"]
[SourceTitle "playchess.com"]
[Source "ChessBase"]
[SourceQuality "1"]

{[%evp 15,100,2,38,0,0,7,0,-31,-33,-59,-56,-72,-65,-58,-62,-81,-80,-102,-86,-93,-93,-104,-95,-106,-89,-87,-68,-91,-93,-92,-86,-89,-77,-77,-75,-168,-160,-161,-160,-168,-169,-165,-152,-150,-146,-160,-158,-152,-152,-152,-98,-97,-86,-83,-49,-77,-77,-106,-102,-85,-43,-73,0,0,0,0,0,-251,-217,-216,-222,-350,-350,-368,-351,-368,-368,-368,-368,-368,-368,-368,-368,-29975,-29976,-29976,-29977]} 1. e4 c5 2. c3 d5 3. exd5 Qxd5 4. d4 Nc6 5. Nf3 Bf5 (5... Nf6 6. Be2 cxd4 7. cxd4 e6 8. O-O Be7 9. Nc3 Qd6 10. Nb5 Qd8 11. Bf4 Nd5 12. Bg3 O-O 13. Bc4 a6 14. Nc3 Nxc3 15. bxc3 b5 16. Bd3 Bb7 17. a4 b4 18. Rb1 Bf6 19. Be4 a5 20. cxb4 axb4 21. Bxc6 {½-½ (21) Zvjaginsev,V (2660)-Moiseenko,A (2692) Berlin 2015}) 6. Be2 {B22: Sicilian: 2 c3} cxd4 7. cxd4 Bxb1 8. Rxb1 Qxa2 {LiveBook: 3 Games} 9. Be3 e6 $1 10. O-O Bd6 11. b3 $146 {Black must now prevent Ra1.} ({Predecessor:} 11. Ne5 Qa5 12. Nc4 Qc7 13. Nxd6+ Qxd6 {0-1 (44) Baroni,A (1964)-Lodici,L (2097) Roseto degli Abruzzi 2014}) 11... Qa5 $1 12. Bd2 Qd8 13. b4 Nf6 14. b5 Ne7 15. Qa4 O-O 16. Ba5 Qb8 17. h3 Rc8 18. Rfc1 Ned5 19. Qb3 Rxc1+ 20. Rxc1 Qe8 21. Rc4 Rc8 22. Ne5 Rxc4 23. Qxc4 Bxe5 24. dxe5 Nd7 25. Qe4 {[#]} (25. Bc7 $17 {was necessary.}) 25... Qb8 $1 $19 26. f4 Qc8 27. Bd2 {[#]} Qc5+ $1 28. Kh2 g6 29. Bc4 N7b6 30. Bd3 Qf2 31. Qe2 Qd4 32. Qe4 Qxe4 (32... Qb2 $142 33. Qe1 Nd7) 33. Bxe4 $17 {[%mdl 4096] Endgame KBB-KNN} Nc4 34. Bc1 Kf8 35. g3 Ke7 36. Kg2 Kd7 37. Bd3 Ndb6 38. h4 a6 (38... h5 $17) 39. bxa6 $11 bxa6 40. Kf3 Kc6 41. g4 $2 {[%mdl 8192]} (41. Kg4 $11 {and White has nothing to worry.}) 41... Kd5 42. h5 a5 {[%cal Ba6a5,Ba5a4][%mdl 32]} 43. hxg6 (43. Ke2 $142) 43... hxg6 $19 44. Bb1 a4 45. Ke2 Kd4 46. f5 gxf5 47. gxf5 Nd5 48. fxe6 fxe6 {Hoping for ...Nc3+.} 49. Bd2 $2 (49. Bc2 $19) 49... Nxd2 50. Kxd2 Nb4 {Precision: White = 24%, Black = 68%.} 0-1

[Event "4th Ordu Open 2018"]
[Site "Ordu"]
[Date "2018.04.12"]
[Round "1.21"]
[White "Naumkin, Igor"]
[Black "Maghsoudloo, Amir Ali"]
[Result "1-0"]
[WhiteElo "2418"]
[BlackElo "1911"]
[Annotator "TA"]
[PlyCount "127"]
[EventType "swiss"]
[EventCountry "TUR"]
[SourceTitle "playchess.com"]
[Source "ChessBase"]
[SourceQuality "1"]

{[%evp 18,127,0,0,3,-6,12,22,14,0,4,0,102,97,121,101,101,101,94,85,101,92,92,92,159,165,146,164,374,372,374,372,362,294,290,299,299,285,274,290,296,291,291,268,304,283,363,299,284,0,361,358,346,345,379,354,375,372,354,290,368,353,346,339,486,317,485,436,428,422,422,402,366,256,244,237,222,61,61,61,61,61,61,61,61,61,61,61,69,8,8,8,8,8,9,9,16,16,29976,29973,29973,29978,29978,29979,29986,29987,29988,29989,29989,29990,29990,29991]} 1. d4 Nf6 2. c4 e6 3. Nf3 b6 4. g3 Bb7 5. Bg2 Bb4+ 6. Nbd2 c5 7. dxc5 Bxc5 8. O-O O-O 9. a3 {E16: Queen's Indian: 4 g3 Bb7 5 Bg2 Bb4+} (9. b3 d5 10. Bb2 Nbd7 11. Rc1 Rc8 12. e3 Qe7 13. cxd5 Bxd5 14. Nc4 Ne4 15. Nfd2 Ndf6 16. Nxe4 Nxe4 {1-0 (51) Akobian,V (2647)-Fedorchuk,S (2648) Riadh 2017}) 9... a5 10. b3 {LiveBook: 4 Games} d5 11. cxd5 {The position is equal.} Qxd5 $146 ({Find the theoretical novelty and annotate with similar games:} 11... Bxd5 12. Bb2 Nbd7 13. e3 Qc7 14. Qe2 Qb7 15. Rfd1 Rfd8 16. Ne1 Bxg2 17. Nxg2 {1-0 (30) Santos Latasa,J (2522)-Enchev,I (2464) Roquetas de Mar 2016}) 12. Bb2 Rd8 13. Qc2 Nc6 14. Rad1 e5 (14... Nd4 $11 15. Bxd4 Bxd4) 15. e3 $16 Rac8 16. Qb1 Qe6 {[#]} 17. Nxe5 $1 {[%mdl 512]} Nxe5 18. Bxb7 {Threatens to win with Bxe5.} Rc7 19. Bg2 Rcd7 20. Bxe5 Rxd2 (20... Qxe5 $142 21. Nc4 Qc7) 21. Rxd2 Rxd2 22. Bc3 Rxf2 $2 (22... Rd8 23. b4 axb4 24. axb4 Be7) 23. Rxf2 $18 Qxe3 24. Qe1 Qd3 25. Bxf6 gxf6 26. Kh1 Bxf2 27. Qxf2 Qxb3 28. Qxf6 Qxa3 29. Qxb6 Qc1+ 30. Qg1 Qc3 31. Qf1 Qb3 32. Qf3 Qb1+ 33. Qf1 Qb3 $1 34. Bf3 a4 {intending ...a3.} 35. Qd1 Qc3 36. Bd5 a3 37. Qf1 Qc7 38. Qc4 Qe7 39. Kg2 Qa7 40. h4 Kg7 (40... Qd7 {was called for.} 41. h5 h6) 41. Kh3 Qf2 (41... Qe7 {was necessary.} 42. Qg4+ Kh8) 42. Qc3+ Kg8 43. Qc8+ Kg7 44. Qg4+ Kf8 45. Qf4 ({Less strong is} 45. Qb4+ Kg7 $18) 45... Qa7 46. Qh6+ Kg8 47. Be4 $2 (47. Qd2 $18) 47... a2 $1 $14 48. Bxh7+ ({Resist} 48. Qxh7+ $6 Kf8 $18) 48... Kh8 49. Bb1+ Kg8 50. Qg5+ Kh8 51. Qf6+ Kg8 52. Bxa2 Qxa2 {[%mdl 4096] Endgame KQ-KQ} 53. h5 ({Better is} 53. Qg5+ $14 Kf8 54. Qc5+ Kg8 55. Qg5+ Kf8 56. Qc5+ Kg8 57. Qg5+) 53... Qd5 $11 54. Kh4 {Qg5+ is the strong threat.} Qh1+ 55. Kg5 Qc1+ 56. Qf4 Qc5+ 57. Kh4 {Hoping for Qg5+.} Kh8 $2 {[%mdl 8192] [#]} (57... Kg7 $11) 58. Qh6+ {White mates.} Kg8 59. Qg5+ Qxg5+ 60. Kxg5 Kg7 61. g4 {[%cal Bg3g4,Bg4g5][%mdl 32]} Kg8 62. Kf6 Kf8 63. h6 Kg8 64. g5 {Precision: White = 72%, Black = 50%.} 1-0

[Event "4th Ordu Open 2018"]
[Site "Ordu"]
[Date "2018.04.11"]
[Round "1.22"]
[White "Isik, Esref"]
[Black "Ozen, Deniz"]
[Result "1-0"]
[WhiteElo "1824"]
[BlackElo "2408"]
[Annotator "TA"]
[PlyCount "111"]
[EventType "swiss"]
[EventCountry "TUR"]
[SourceTitle "playchess.com"]
[Source "ChessBase"]
[SourceQuality "1"]

{[%evp 21,111,-6,5,-12,-15,-12,0,0,0,0,0,-10,7,11,9,0,0,0,0,0,18,14,12,12,11,0,6,6,11,6,6,6,6,5,5,6,8,0,8,0,0,0,0,0,2,0,0,0,53,50,52,55,71,45,49,47,121,122,191,180,190,188,238,238,239,239,239,241,241,247,425,405,1001,914,1022,1022,981,873,939,960,1142,1160,1675,1453,1647,2018,2082,2014,2419,4598,3499,2950]} 1. e4 e6 2. d4 d5 3. Nd2 c5 4. c3 cxd4 5. cxd4 dxe4 6. Nxe4 Bb4+ 7. Nc3 {C07: French Tarrasch: 3...c5, 4 Ngf3 and 4 exd5 Qxd5} Nf6 8. Bd3 O-O 9. Nf3 b6 10. a3 (10. O-O Bb7 11. Bg5 Nc6 12. Bc2 Be7 13. a3 Nd5 14. Qd3 g6 {1-0 (41) Heberla,B (2544)-Socko,B (2654) Warsaw 2014}) 10... Be7 11. O-O Bb7 {LiveBook: 3 Games} 12. Bc2 Nbd7 13. Bf4 $146 ({Predecessor:} 13. Qd3 Re8 14. Bg5 Nf8 {½-½ (14) Bernal Moro,L (2443)-Lopez Martinez,J (2543) Sestao 2010}) 13... Nd5 14. Qd3 {[%csl Gc2][%cal Rd3h7] [#]} g6 15. Nxd5 Bxd5 16. Rac1 Bxf3 17. Qxf3 Bg5 18. Bb3 Bxf4 19. Qxf4 Qf6 20. Qe4 Qg5 21. Rc7 Nf6 22. Qe5 Qxe5 23. dxe5 Ng4 24. Re1 Rfc8 25. Rd7 Rd8 26. Rxd8+ Rxd8 $11 {[%mdl 4096] Endgame KRB-KRN} 27. f3 {[%cal Bf2f3,Bf3f4,Bf4g5][%mdl 32]} Nh6 28. Kf2 Rc8 29. g4 Rc5 30. Re2 Kg7 31. Kg3 Ng8 32. f4 Rc7 33. Rd2 Ne7 34. Ba4 g5 (34... h6 $11) 35. fxg5 $14 Ng6 36. Rc2 Rb7 37. Re2 Rc7 38. Bc2 Ne7 (38... Rc5 $14) 39. h4 $16 Nc6 (39... Rc4 $16 {was worth a try.} 40. h5 Nc6) 40. Bb1 $18 Nd4 41. Rd2 Nb3 42. Rd1 Rc1 43. Rxc1 Nxc1 {KB-KN} 44. Kf4 Nb3 45. Be4 a5 $2 {[#]} (45... Nc5 {might work better.} 46. Bc2 Na6) 46. Bc6 Nd4 (46... Nc5 $142 47. Ke3 Kg8) 47. Ba4 {White is clearly winning.} b5 48. Ke4 Nc6 49. Bxb5 Ne7 50. Bd7 Kf8 51. b4 {[%cal Bb2b4,Bb4b5][%mdl 32]} Nd5 52. b5 Ke7 53. Bc6 Nc3+ 54. Kd4 Ne2+ 55. Kc5 Kd8 56. Kd6 {Precision: White = 78%, Black = 49%.} 1-0

[Event "4th Ordu Open 2018"]
[Site "Ordu"]
[Date "2018.04.11"]
[Round "1.23"]
[White "Okhotnik, Vladimir"]
[Black "Akdag, Omer Amir"]
[Result "1-0"]
[WhiteElo "2399"]
[BlackElo "1799"]
[Annotator "TA"]
[PlyCount "79"]
[EventType "swiss"]
[EventCountry "TUR"]
[SourceTitle "playchess.com"]
[Source "ChessBase"]
[SourceQuality "1"]

{[%evp 18,79,40,5,48,43,79,84,68,81,90,64,78,68,143,139,193,195,187,179,247,247,276,264,264,264,234,160,164,128,137,115,114,10,118,120,134,130,132,123,139,132,145,143,127,112,111,105,257,257,257,257,419,448,471,417,480,458,452,451,666,612,1408,1375]} 1. e4 c5 2. Nf3 g6 3. c3 Bg7 4. d4 cxd4 5. cxd4 d5 6. e5 Nc6 7. Bb5 {B27: Sicilian: 2 Nf3, unusual Black 2nd moves} Nh6 8. O-O O-O 9. Bxc6 (9. h3 f6 10. exf6 exf6 11. Nc3 Nf7 12. Re1 Qd6 13. Be3 Bf5 14. Rc1 Rac8 {0-1 (46) Grischuk,A (2772)-Mamedov,R (2709) Huaian 2017}) 9... bxc6 10. Bf4 {LiveBook: 3 Games. White wants to play Qc1.} Bg4 11. Nbd2 {[%cal Bb1d2,Bd2f3,Bf3e5][%mdl 32]} Nf5 12. h3 Bxf3 13. Nxf3 f6 $146 ({Predecessor:} 13... e6 14. Bg5 Qd7 {1-0 (72) Okhotnik,V (2391)-Sylvan,J (2336) Borup 2014}) 14. Qd2 fxe5 15. Bxe5 Bxe5 (15... Bh6 $14 16. Qe2 Rc8) 16. Nxe5 $16 Qd6 (16... Qb6 $16) 17. Rac1 $18 Rac8 18. Rc5 Ng7 (18... Rc7 $142 19. Rfc1 Rfc8) 19. Rfc1 Qe6 20. Rxc6 ({Much less strong is} 20. Nxc6 Nf5 $18) 20... Rxc6 21. Rxc6 Qf5 22. Qc2 Qf4 23. Rc8 Qxd4 24. Rxf8+ Kxf8 25. Qc8+ Ne8 26. Qe6 {[%csl Ge5][%cal Re6f7] [#]} Nd6 27. Qxe7+ Kxe7 28. Nc6+ Kf6 29. Nxd4 $16 {[%mdl 4096] Endgame KN-KN} Ke5 30. Nc6+ Ke4 31. Kf1 Kd3 32. Nxa7 Kc2 $2 (32... Nc4 $16) 33. Nc6 $18 Kxb2 {[#]} 34. a4 $1 {[%cal Ba2a4,Ba4a5,Ba5a6,Ba6a7][%mdl 32]} Kc3 $2 (34... Nc4 {might work better.} 35. a5 d4) 35. a5 d4 36. a6 Nc8 {intending ...d3.} 37. a7 {White is clearly winning.} Nb6 38. Ne5 Kb4 (38... d3 $142 39. Ke1 Kc2) 39. Ke2 Kc3 40. f4 {Precision: White = 71%, Black = 44%.} 1-0

[Event "4th Ordu Open 2018"]
[Site "Ordu"]
[Date "2018.04.11"]
[Round "1.24"]
[White "Kocyigit, Buse Naz"]
[Black "Mgeladze, Tamaz"]
[Result "1-0"]
[WhiteElo "1831"]
[BlackElo "2363"]
[Annotator "TA"]
[PlyCount "79"]
[EventType "swiss"]
[EventCountry "TUR"]
[SourceTitle "playchess.com"]
[Source "ChessBase"]
[SourceQuality "1"]

{[%evp 19,79,29,27,29,31,32,39,29,46,26,34,0,0,0,0,-25,-25,-21,-10,-16,-13,-35,0,0,0,10,125,114,150,154,625,618,608,622,610,606,804,810,1112,1091,1023,915,923,926,919,925,940,927,925,916,1016,1008,1133,1141,1942,1460,1929,1827,2868,2859,29946,5904]} 1. d4 Nf6 2. Bg5 g6 3. Bxf6 exf6 4. e3 f5 5. g3 Bg7 (5... d6 6. Bg2 h5 7. Nf3 Nd7 8. c4 Nf6 9. Nc3 Bh6 10. O-O O-O 11. b4 c6 12. a4 a5 {1-0 (39) Jobava,B (2690)-Safarli,E (2639) Riadh 2017}) 6. Bg2 {A45: Trompowsky Attack} d6 7. Ne2 Nd7 {[%cal Bb8d7,Bd7f6,Bf6g4][%mdl 32]} 8. c4 Nf6 9. Nbc3 h5 10. h4 O-O {LiveBook: 7 Games} 11. Qd3 Re8 12. O-O Ng4 $146 ({Predecessor:} 12... Bh6 13. b4 c6 {0-1 (41) Stefanova,A (2548)-Huang,Q (2430) Beijing 2008}) 13. Nf4 c6 14. Rab1 Bd7 15. b4 {[%cal Bb2b4,Bb4b5][%mdl 32]} g5 16. hxg5 Qxg5 17. b5 h4 {Threatens to win with ...hxg3.} 18. Nh3 Qh6 {White must now prevent ...hxg3.} 19. gxh4 Qxh4 20. Ne2 {[%cal Bc3e2,Be2f4,Bf4h5][%mdl 32]} Re7 21. bxc6 bxc6 22. Qa3 f4 (22... c5 $11) 23. Nexf4 $16 Bf5 24. Rb3 ({Much less strong is} 24. Qxd6 $6 Bxb1 25. Rxb1 Nxe3 $14) ({Of course not} 24. Bxc6 $6 Rxe3 25. Qxd6 Rc8 $11) 24... Rd8 $2 (24... Rc8 $16) 25. Qa5 $18 Re5 26. dxe5 dxe5 27. e4 Bh7 {[#]} 28. Nh5 $1 Bf8 (28... Qxh5 29. Qxd8+) 29. Rg3 Rd6 30. Qxe5 Bg6 31. Rxg4 Qxg4 {[#]} 32. Qxd6 $1 Qxh5 (32... Bxd6 33. Nf6+) 33. Qxc6 Qe5 34. Qd5 Qc7 35. e5 Bf5 36. Ng5 {[%cal Bh3g5,Bg5e4,Be4f6][%mdl 32]} Bh6 37. Ne4 Qe7 38. Nf6+ Kg7 39. Be4 Be6 40. Qa8 {Precision: White = 59%, Black = 40%.} (40. Qd3 $142 Bg5 41. Qg3 Bg4 42. Qxg4 Qxe5 43. Nh7 Kh6 44. f4 Qd4+ 45. Kh2) 1-0